Property matters (Record no. 105510)

MARC details
000 -LEADER
fixed length control field 00795cam a2200205 4500
001 - CONTROL NUMBER
control field ##L133916
008 - FIXED-LENGTH DATA ELEMENTS--GENERAL INFORMATION
fixed length control field 060619n2005 000 0 eng u
035 ## - SYSTEM CONTROL NUMBER
System control number (Sirsi) u133916
041 0# - LANGUAGE CODE
Language code of text/sound track or separate title eng
050 04 - LIBRARY OF CONGRESS CALL NUMBER
Classification number 333 $2 18
100 1# - MAIN ENTRY--PERSONAL NAME
Personal name Raymond, Afra
245 00 - TITLE STATEMENT
Title Property matters
260 ## - PUBLICATION, DISTRIBUTION, ETC.
Place of publication, distribution, etc. Port of Spain
Name of publisher, distributor, etc. Raymond and Pierre
Date of publication, distribution, etc. 2005
300 ## - PHYSICAL DESCRIPTION
Extent v, 126p.
Other physical details ill.
Dimensions 23cm.
520 ## - SUMMARY, ETC.
Summary, etc. A collection of articles relating to property in Trinidad and Tobago. Covers topics such as property taxation, the planning system, property insurance and the supply of housing, as well as discussing issues related to development within specific cities, including Port-of-Spain, Chaguanas and San Fernando.
590 ## - LOCAL NOTE (RLIN)
Local note IKA210806
651 #4 - SUBJECT ADDED ENTRY--GEOGRAPHIC NAME
Geographic name TRINIDAD AND TOBAGO
690 ## - LOCAL SUBJECT ADDED ENTRY--TOPICAL TERM (OCLC, RLIN)
Topical term or geographic name as entry element PROPERTY
942 ## - ADDED ENTRY ELEMENTS (KOHA)
Suppress in OPAC 0
Holdings
Withdrawn status Lost status Source of classification or shelving scheme Damaged status Not for loan Home library Current library Shelving location Date acquired Total Checkouts Full call number Barcode Date last seen Copy number Price effective from Koha item type
    Dewey Decimal Classification     London London Books 21/08/2006   333 RAY 30073076 06/08/2019 2 06/08/2019 Book